000
00297 a2200145 4500
001
164192
020
_a
040
_c
Magnum
100
_a
Levine, Shar
240
1
0
_a
Brincando de einstein
_l
por
245
1
0
_a
Brincando de einstein
362
0
_a
1899
697
_a
PARADIDATICOS
942
_c
BK
999
_c
164192
_d
164192